Lo pánico y lo cósmico

Zapisane w:
Opis bibliograficzny
1. autor: Rojas Paz, Pablo (Autor)
Format: Książka
Język:hiszpański
Wydane: Buenos Aires Losada 1957
Seria:Cristal del Tiempo
Hasła przedmiotowe:
Etykiety: Dodaj etykietę
Nie ma etykietki, Dołącz pierwszą etykiete!

MARC

LEADER 00000nam a2200000 a 4500
001 UCZ8271
003 CL-VaPUC
008 960119e19570000AG |||||||||||||||||spa|d
082 0 4 |a Ar864  |b ROJ  |2 21 
100 0 |a Rojas Paz, Pablo  |e author  |9 353501 
245 1 3 |a Lo pánico y lo cósmico 
300 |a 153 p 
942 |c BK 
945 |d 19960119 00:00:00  |a rleighto 
260 |a Buenos Aires  |b Losada  |c 1957 
650 0 |a Ensayos argentinos  |9 269128 
583 |a last modification  |c 19960119 00:00:00  |k Rodrigo Vera 
490 0 |a Cristal del Tiempo 
999 |c 244206  |d 244204 
952 |0 0  |1 0  |4 0  |6 AR_864_000000000000000_ROJ_1957  |7 0  |8 A  |9 258187  |a BIBEDU  |b BIBEDU  |d 2019-11-19  |i 3170470  |o Ar864 ROJ 1957  |p 3170470  |r 2019-11-19  |w 2019-11-19  |y BK  |k LIT